000 01792cam a2200397 a 4500
001 16440591
003 OSt
005 20240823110109.0
008 100831s2009 le a 000 0 ara d
010 _a 2009339578
020 _a9953754640
020 _a9789953754642
035 _a(OCoLC)ocn310463101
040 _aLB-BrSB
_cCUD
_dUUM
_dWAU
_dDLC
042 _alccopycat
_alcode
050 0 0 _aPJ7820.A7
_bZ7383 2009
066 _c(3
082 _a892.7
_bDAR/M
100 _aHamood,abdul hakeem
_910480
245 0 0 _6880-01
_aMaḥmūd Darwīsh, ḥanājir taltaqī li-taktamila al-ṣarkhah /
_ciʻdād ʻAbd al-Ḥalīm Ḥammūd.
260 _6880-02
_aBayrūt :
_bDār al-Biḥār,
_c2009.
300 _a336 p. :
_bill. ;
_c24 cm.
500 _aCollection of articles about Darwīsh, written by various authors.
600 1 0 _aDarwīsh, Maḥmūd
_6880-03
_xCriticism and interpretation.
_99749
650 0 _aArabic literature
_y20th century
_xHistory and criticism.
700 1 _6880-04
_aḤammūd, ʻAbd al-Ḥalīm.
700 1 2 _6880-05
_aDarwīsh, Maḥmūd.
_tPoems.
_kSelections.
880 0 0 _6245-01/(3/r‏
_a‏محمود درويش ، حناجر تلتقي لتكتمل الصرخة /‏
_c‏إعداد عبد الحليم حمود.
880 _6260-02/(3/r‏
_a‏بيروت :‏
_b‏دار البحار،‏
_c‏‪2009‬.
880 1 4 _6600-03/(3/r‏
_a‏درويش ، محمود.
880 1 _6700-04/(3/r‏
_a‏حمود ، عبد الحليم.
880 1 _6700-05/(3/r‏
_a‏درويش ، محمود.‏
_t‏اشعار.‏
_k‏مختارات.
906 _a7
_bcbc
_ccopycat
_d3
_encip
_f20
_gy-nonroman
942 _2ddc
_cBK
_h892.7
_iDAR/M
_k892.7
_mDAR/M
999 _c42686
_d42686